Municipis de la comarca del Baix Llobregat (Catalunya) - Statistics

General Stats
  • This quiz has been taken 572 times
  • The average score is 23 of 30
Answer Stats
Hint Answer % Correct
SFL Sant Feliu de Llobregat
95%
SBL Sant Boi de Llobregat
92%
CL Cornellà de Llobregat
91%
V Viladecans
90%
G Gavà
89%
SJE Sant Joan d'Espí
87%
C Castelldefels
86%
EL Esplugues de Llobregat
85%
M Martorell
85%
SJD Sant Just Desvern
85%
MR Molins de Rei
84%
PL El Prat de Llobregat
83%
A Abrera
82%
SVH Sant Vicenç dels Horts
82%
SAB Sant Andreu de la Barca
81%
OM Olesa de Montserrat
80%
P El Papiol
78%
SCL Sant Climent de Llobregat
78%
P Pallejà
75%
SES Sant Esteve Sesrovires
74%
B Begues
72%
CL Corbera de Llobregat
72%
C Cervelló
71%
SCC Santa Coloma de Cervelló
71%
V Vallirana
71%
E Esparreguera
68%
C Collbató
63%
TL Torrelles de Llobregat
63%
PC La Palma de Cervelló
59%
CR Castellví de Rosanes
51%
No matching quizzes found
Score Distribution
Percent of People with Each Score
Percentile by Number Answered
Your Score History
You have not taken this quiz